[Event "RUS-chT Blitz"]
[Site "Sochi"]
[Date "2023.10.17"]
[Round "1.8"]
[White "Ganiev, Artur"]
[Black "Afanasiev, Nikita"]
[Result "0-1"]
[WhiteElo "1891"]
[BlackElo "2533"]
[PlyCount "130"]
[EventDate "2023.10.17"]
[EventType "team-swiss (blitz)"]
[EventRounds "13"]
[EventCountry "RUS"]
[SourceTitle "Mega2024 Update 01"]
[Source "Chessbase"]
[SourceDate "2023.11.12"]
[SourceVersion "1"]
[SourceVersionDate "2023.11.12"]
[SourceQuality "1"]
[WhiteTeam "Bashkortostan Tolpar"]
[BlackTeam "Moscow ShSM"]
[WhiteTeamCountry "RUS"]
[BlackTeamCountry "RUS"]

1. e4 g6 2. d4 Bg7 3. Nc3 d6 4. Bg5 a6 5. a4 Nd7 6. Nf3 b6 7. Bd3 Bb7 8. 0-0 h6 9. Be3 e5 10. Bc4 Ngf6 11. dxe5 dxe5 12. Nd2 0-0 13. f3 Kh7 14. Kh1 Qe7 15. Qe2 Nc5 16. Nb3 Ne6 17. a5 b5 18. Bxe6 Qxe6 19. Nc5 Qc8 20. b4 Nd7 21. Nxb7 Qxb7 22. Rfd1 Rad8 23. Rd3 Nf6 24. Bc5 Rfe8 25. Rxd8 Rxd8 26. Rd1 Qc8 27. Rxd8 Qxd8 28. Qd3 Qxd3 29. cxd3 c6 30. Kg1 Nd7 31. Bd6 Kg8 32. Kf2 f5 33. Ke3 Kf7 34. Bc7 Bf8 35. Na2 c5 36. bxc5 Bxc5+ 37. Kd2 Ke6 38. g4 fxg4 39. fxg4 h5 40. gxh5 gxh5 41. Kc2 Nf6 42. Nc3 Ng4 43. h3 Ne3+ 44. Kb3 Nf1 45. Nd5 Nd2+ 46. Kc2 Nf3 47. Bb6 Kd6 48. Bxc5+ Kxc5 49. Nc7 Kb4 50. Nxa6+ Kxa5 51. Nc5 Kb4 52. Nd7 Ka3 53. Nb6 Nd4+ 54. Kd2 Kb2 55. Nd7 Nc6 56. Nc5 b4 57. Ke3 b3 58. Kd2 Nd4 59. Na4+ Ka3 60. Nc3 b2 61. Ke3 Nb5 62. Nxb5+ Kb4 63. Nc7 b1Q 64. Nd5+ Kc5 65. Ke2 Kd4 0-1